000 01556naa a22003377a 4500
001 BR8602767
003 BR-BrBNA
005 20240918175717.0
007 ta
008 230509b bl.||||| |||| 00| 0 por d
040 _aBR-BrBNA
_bpor
_cBiblioteca Nacional de Agricultura
041 _a(Pt)
072 _aH10
_b1060
090 _aH10 BR8602767
100 1 _aZuculo, A.E.
100 1 _aDonadio, L.C.
100 1 _aBanzatto, D.A.
111 1 _a8. Congresso Brasileiro de Fruticultura
_cBrasilia, DF (Brazil)
_d26-31 Jan 1986
245 1 _aEstado do uso conjunto de oleo mineral com enxofre em citros
246 1 _aMineral oil and sulfur to control citrus pest
246 1 _a[Annals of the 8. Brazilian Congress of Fruitculture. v. 1]
260 3 _aBrasilia, DF (Brasil):
_bEMBRAPA. DDT,
_c1986.
500 _aPinto, A.C. de Q.; Genu, P.J. de C. (eds.) Anais do 8. Congresso Brasileiro de Fruticultura. v. 1 Brasilia, DF (Brasil): EMBRAPA. DDT, 1986. p. 227-230 (BR8602767-AM)H10
650 _aLARANJA PERA
650 _aOLEO MINERAL
650 _aENXOFRE
650 _aPRAGA DE PLANTA
773 0 _tAnais do 8. Congresso Brasileiro de Fruticultura. v. 1
_aPinto, A.C. de Q.; Genu, P.J. de C. (eds.). Sociedade Brasileira de Fruticultura, Brasilia, DF (Brasil);Empresa Brasileira de Pesquisa Agropecuaria, Brasilia, DF (Brasil);Conselho Nacional de Desenvolvimento Cientifico e Tecnologico, Brasilia, DF (Brasil)
_wH10 BR8602767
_gBrasilia, DF (Brasil), 1986. p. 227-230
909 _a202404
_bLucia
_c55
_dLucia Elande
942 _cAM
_2AGRIS
999 _c317858
_d317858